[Event "San Francisco TNM Fall op"]
[Site "San Francisco"]
[Date "2010.10.20"]
[Round "1"]
[White "Grey, Peter G"]
[Black "Zhang, Jeffrey"]
[Result "1-0"]
[WhiteElo "2016"]
[BlackElo "1607"]
[PlyCount "135"]
[EventDate "2010.10.20"]
[EventType "swiss"]
[EventRounds "9"]
[EventCountry "USA"]
[SourceTitle "EXT 2012"]
[Source "ChessBase"]
[SourceDate "2011.11.24"]
[SourceVersion "1"]
[SourceVersionDate "2011.11.24"]
[SourceQuality "1"]

1. e4 e6 2. d4 d5 3. Nc3 dxe4 4. Nxe4 Nd7 5. Nf3 Ngf6 6. Nxf6+ Nxf6 7. Bd3 c5 8. 0-0 cxd4 9. Nxd4 Bc5 10. c3 Bxd4 11. cxd4 0-0 12. Bg5 h6 13. Bh4 Qd5 14. Bxf6 gxf6 15. Qg4+ Qg5 16. Qe4 f5 17. Qe5 Bd7 18. f4 Qg7 19. Rf3 Qxe5 20. dxe5 Bc6 21. Rh3 Kg7 22. Re1 Rg8 23. Ree3 Kh7 24. Rhg3 Rxg3 25. Rxg3 Rg8 26. Rxg8 Kxg8 27. Be2 Kg7 28. g4 Kg6 29. Kf2 fxg4 30. Bxg4 Bd5 31. a3 f6 32. h4 h5 33. Bh3 f5 34. Ke3 b6 35. Bf1 Kf7 36. Be2 Kg6 37. Kd4 Bc6 38. b4 Bd7 39. Bd1 Bc6 40. a4 Bd7 41. a5 Bc6 42. Be2 Bd7 43. Ba6 Bc6 44. axb6 axb6 45. Kc4 Kf7 46. Bb5 Bb7 47. Ba4 Ba6+ 48. Kd4 Kg6 49. Be8+ Kh6 50. Bd7 Kg7 51. Bxe6 Bb7 52. Bxf5 Kf7 53. Be4 Bc8 54. f5 Kg7 55. f6+ Kf7 56. Bd5+ Ke8 57. e6 Kf8 58. e7+ Ke8 59. Bc6+ Bd7 60. Kd5 b5 61. Kd6 Bxc6 62. Kxc6 Kf7 63. Kd7 Kxf6 64. e8Q Kg7 65. Ke7 Kh6 66. Kf6 Kh7 67. Qf7+ Kh6 68. Qg6# 1-0

[Event "San Francisco TNM Max Wilkerson op"]
[Site "San Francisco"]
[Date "2009.09.29"]
[Round "9"]
[White "MacIntyre, Brendan"]
[Black "Zhang, Jeffrey"]
[Result "1-0"]
[WhiteElo "1703"]
[BlackElo "1491"]
[PlyCount "109"]
[EventDate "2009.08.03"]
[EventType "swiss"]
[EventRounds "9"]
[EventCountry "USA"]
[SourceTitle "EXT 2012"]
[Source "ChessBase"]
[SourceDate "2011.11.24"]
[SourceVersion "1"]
[SourceVersionDate "2011.11.24"]
[SourceQuality "1"]

1. d4 e6 2. c4 d5 3. Nc3 Nf6 4. e3 c6 5. Nf3 Be7 6. Bd3 Nbd7 7. 0-0 0-0 8. Re1 Re8 9. e4 dxe4 10. Nxe4 Nxe4 11. Bxe4 Bf6 12. Qc2 Nf8 13. Be3 Qe7 14. Ne5 Ng6 15. f4 Bd7 16. Rad1 Rad8 17. c5 Bxe5 18. dxe5 Bc8 19. Rd6 Rd7 20. Red1 Red8 21. b4 a6 22. a4 Rxd6 23. cxd6 Qd7 24. Rf1 Qe8 25. Rf3 f5 26. Bd3 b5 27. a5 Bb7 28. Rf1 Rc8 29. Qb3 Kh8 30. Rd1 Nf8 31. Bb1 Nd7 32. Ba2 Qh5 33. Qd3 Nf8 34. Bb6 c5 35. d7 Qg4 36. g3 Ra8 37. d8Q c4 38. Qxa8 Bxa8 39. Qd8 Qxd1+ 40. Qxd1 Bd5 41. Bb1 g6 42. g4 Kg7 43. gxf5 gxf5 44. Qh5 Ng6 45. Qg5 Bf3 46. Kf2 Bg4 47. Qf6+ Kh6 48. Qxe6 Kh5 49. Kg3 c3 50. Qf6 Kh6 51. e6 Bd1 52. e7 c2 53. e8Q cxb1Q 54. Qef8+ Kh5 55. Qg5# 1-0

[Event "San Francisco TNM Max Wilkerson op"]
[Site "San Francisco"]
[Date "2009.09.15"]
[Round "7"]
[White "Durig, Alex"]
[Black "Zhang, Jeffrey"]
[Result "0-1"]
[WhiteElo "1234"]
[BlackElo "1491"]
[PlyCount "75"]
[EventDate "2009.08.03"]
[EventType "swiss"]
[EventRounds "9"]
[EventCountry "USA"]
[SourceTitle "EXT 2012"]
[Source "ChessBase"]
[SourceDate "2011.11.24"]
[SourceVersion "1"]
[SourceVersionDate "2011.11.24"]
[SourceQuality "1"]

1. d4 e6 2. c4 d5 3. Nf3 Nf6 4. Bg5 c6 5. Nc3 Nbd7 6. e3 Qa5 7. Be2 Bb4 8. Qc2 Ne4 9. 0-0 Bxc3 10. bxc3 Qxc3 11. Rac1 Qxc2 12. Rxc2 0-0 13. Bd3 Nxg5 14. Nxg5 Nf6 15. f3 h6 16. Nh3 Bd7 17. g4 Rfe8 18. g5 e5 19. gxf6 Bxh3 20. Rff2 gxf6 21. e4 exd4 22. cxd5 cxd5 23. exd5 Re1+ 24. Bf1 Kh7 25. Rg2 Bxg2 26. Kxg2 Re7 27. Rd2 Rd8 28. Rxd4 Red7 29. Bd3+ Kh8 30. Bc4 b5 31. Bb3 a5 32. a3 Z0 33. Kf2 Kg7 34. Rg4+ Kf8 35. Rd4 Z0 36. Ke3 Re8+ 37. Kd3 Re5 38. h4 0-1

[Event "Montreal op U1200"]
[Site "Montreal"]
[Date "2009.09.13"]
[Round "1"]
[White "Blondet, Luis"]
[Black "Zhang, Jeffrey"]
[Result "0-1"]
[WhiteElo "841"]
[BlackElo "1164"]
[PlyCount "56"]
[EventDate "2009.09.11"]
[EventType "swiss"]
[EventRounds "5"]
[EventCountry "CAN"]
[SourceTitle "EXT 2011"]
[Source "ChessBase"]
[SourceDate "2010.11.26"]
[SourceVersion "1"]
[SourceVersionDate "2010.11.26"]
[SourceQuality "1"]

1. Nf3 d5 2. g3 Nf6 3. Bg2 Nc6 4. d3 e5 5. h3 Bc5 6. c3 Bf5 7. Nh4 Be6 8. 0-0 Qd7 9. Kh2 0-0-0 10. b4 Bb6 11. Nd2 g5 12. Nhf3 g4 13. Ng1 gxh3 14. Bxh3 Bxh3 15. Nxh3 Ng4+ 16. Kg2 Bxf2 17. Nxf2 Ne3+ 18. Kh2 Nxd1 19. Rxd1 h5 20. Nf3 f5 21. Bg5 Rdg8 22. Nh3 e4 23. Nd4 Nxd4 24. cxd4 Qd6 25. Rf1 h4 26. Rxf5 Qxg3+ 27. Kh1 Qxh3+ 28. Kg1 Qxf5 0-1